00378pab a2200133 454500008004000000100002200040245005600062260000900118300001300127650001800140700002100158700002600179773003900205180718b2000 xxu||||| |||| 00| 0 eng d aWitte, Jan Martin aBeyond multilaterism: global public policy networks c2000 ap.176-88 aPublic policy aBenner, Thorsten aReinicke, Wolfgang H. aInternational Politics and Society